000 00892nam a2200277Ia 4500
003 OSt
005 20221005022729.0
006 a|||||r|||| 00| 0
007 ta
008 221004b |||||||| |||| 00| 0 eng d
020 _a9027241414
_c6185.85
024 _a84515
037 _b415, 24/03/2006, Bright Book Service
_cTextual
040 _aCRL
_cCRL
_beng
041 _2eng
_aeng
082 _aT:3(P), P5
100 _aPienemann Manfred Ed.
_9578550
245 0 _aCross linguistic aspects of processability theory edited by Manfred Pienemann
260 _aAmsterdam
_bJohn Benjamins Publishing Company Netherland
_c2005
300 _a303p.
_ccm.
490 _aStudies in Bilingualism
650 _a EDUCATION
650 _aTEACHING
_934578
942 _hT:3(P), P5
_cTEXL
_2cc
999 _c929939
_d929939